[Event "CGC KO 2022"]
[Site "chess.com INT"]
[Date "2022.09.17"]
[Round "1.3"]
[White "Vidit, Santosh Gujrathi"]
[Black "Sarana, Alexey"]
[Result "0-1"]
[WhiteTitle "GM"]
[BlackTitle "GM"]
[WhiteElo "2710"]
[BlackElo "2662"]
[WhiteFideId "5029465"]
[BlackFideId "24133795"]
[EventDate "2022.09.14"]
[EventType "k.o."]

1. d4 Nf6 2. Nc3 d5 3. Bf4 a6 4. e3 c5 5. dxc5 Qa5 6. Nf3 Bg4 7. Be2 e6 8. O-O
Bxc5 9. e4 O-O 10. e5 Nfd7 11. Ng5 Bxe2 12. Nxe2 Be7 13. Nf3 Nc6 14. Re1 Rac8
15. c3 b5 16. a3 Qb6 17. h4 a5 18. b4 axb4 19. axb4 f6 20. Be3 Qb7 21. Nf4 Ncxe5
22. Nxe6 Rf7 23. Bd4 Bd6 24. h5 h6 25. Nh4 Re8 26. Nf4 Rfe7 27. Rf1 Nf8 28. Nf5
Rd7 29. Nxd6 Rxd6 30. Ra7 Qc6 31. Bc5 Rdd8 32. Qc2 Ne6 33. Nxe6 Qxe6 34. f3 Rd7
35. Rxd7 Nxd7 36. Bd4 Ne5 37. Ra1 Qd7 38. Kf2 Nc6 39. Bc5 f5 40. Rd1 Re5 41. Qd3
f4 42. Qxb5 Rxh5 43. Re1 Rg5 44. Bd4 Qd6 45. Re8+ Kf7 46. Rc8 Qg6 47. Qxc6 Qc2+
48. Ke1 Qc1+ 49. Ke2 Rxg2+ 50. Bf2 Qc2+ 51. Ke1 Qxf2+ 52. Kd1 Rg1# 0-1

[Event "CGC KO 2022"]
[Site "chess.com INT"]
[Date "2022.09.17"]
[Round "1.3"]
[White "Wang, Hao"]
[Black "Leko, Peter"]
[Result "0-1"]
[WhiteTitle "GM"]
[BlackTitle "GM"]
[WhiteElo "2722"]
[BlackElo "2663"]
[WhiteFideId "8602883"]
[BlackFideId "703303"]
[EventDate "2022.09.14"]
[EventType "k.o."]

1. e4 e5 2. Nf3 Nc6 3. Bc4 Nf6 4. d3 Bc5 5. c3 d6 6. Bb3 O-O 7. O-O h6 8. Nbd2
a5 9. h3 b5 10. a4 b4 11. Re1 Rb8 12. Nf1 Be6 13. Bxe6 fxe6 14. Be3 Nd7 15. d4
Bb6 16. d5 Ne7 17. dxe6 Bxe3 18. exd7 Bc5 19. Ne3 Ng6 20. cxb4 Bxb4 21. Qd5+ Kh7
22. Rec1 Rxf3 23. gxf3 Qxd7 24. Nf5 Nf4 25. Qc6 Qf7 26. Qxc7 Qg6+ 27. Ng3 Rf8
28. Kh2 Ne6 29. Qd7 Rxf3 30. Rg1 Rxf2+ 31. Kh1 Rf7 32. Qe8 Bc5 33. Nf5 Bxg1 34.
Rxg1 Ng5 35. h4 Qh5 36. Rg2 Qd1+ 37. Kh2 Nf3+ 38. Kh3 Qh1+ 39. Kg3 Ne1 40. Rd2
Qg1+ 41. Kh3 Rxf5 42. exf5 Qe3+ 0-1

[Event "CGC KO 2022"]
[Site "chess.com INT"]
[Date "2022.09.15"]
[Round "1.4"]
[White "Adams, Michael"]
[Black "Navara, David"]
[Result "0-1"]
[WhiteTitle "GM"]
[BlackTitle "GM"]
[WhiteElo "2689"]
[BlackElo "2681"]
[WhiteFideId "400041"]
[BlackFideId "309095"]
[EventDate "2022.09.14"]
[EventType "k.o."]

1. e4 c6 2. Nf3 d5 3. Nc3 Bg4 4. h3 Bh5 5. exd5 cxd5 6. Bb5+ Nc6 7. g4 Bg6 8.
Ne5 Qc7 9. d4 e6 10. Qe2 Bb4 11. Bf4 Bxc3+ 12. bxc3 Qa5 13. Bxc6+ bxc6 14. O-O
Qxc3 15. Rab1 Nf6 16. Qe3 Ne4 17. Rb3 Qxe3 18. Bxe3 f6 19. Nxc6 Kd7 20. Na5 Rhb8
21. Rfb1 Rb6 22. Bf4 Nc3 23. Re1 Rc8 24. Nb7 Na4 25. Nc5+ Nxc5 26. dxc5 Rxc5 27.
Ra3 Rb7 28. c3 a5 29. Be3 Rcb5 30. Kg2 Bd3 31. f4 Rb2+ 32. Kg3 R7b5 33. Bd4 Bc4
34. g5 Ke7 35. gxf6+ gxf6 36. Kh4 Kf7 37. Rg1 Rxa2 38. Rxa2 Bxa2 39. Kh5 Bb1 40.
Kh6 Bg6 41. h4 Rb2 42. Rh1 Rg2 43. h5 Bc2 44. Ra1 a4 45. Ra2 Re2 46. Rb2 e5 47.
fxe5 fxe5 48. Bc5 Ke6 49. Rb6+ Kd7 50. Rd6+ Kc7 51. Ba3 Be4 52. Re6 Rc2 53. Bb4
a3 54. Bxa3 Rxc3 55. Bb2 d4 56. Bxc3 dxc3 57. Rxe5 c2 58. Rc5+ Kd6 59. Rc3 Ke5
60. Rc8 Kd4 61. Kg5 Ke3 62. Rc7 Kd2 63. Kf4 Bd3 0-1

[Event "CGC KO 2022"]
[Site "chess.com INT"]
[Date "2022.09.17"]
[Round "1.4"]
[White "Bok, Benjamin"]
[Black "Grischuk, Alexander"]
[Result "1/2-1/2"]
[WhiteTitle "GM"]
[BlackTitle "GM"]
[WhiteElo "2618"]
[BlackElo "2745"]
[WhiteFideId "1017063"]
[BlackFideId "4126025"]
[EventDate "2022.09.14"]
[EventType "k.o."]

1. d4 Nf6 2. c4 e6 3. Nf3 d5 4. g3 Be7 5. Bg2 O-O 6. O-O dxc4 7. Qc2 a6 8. a4
Bd7 9. Qxc4 Bc6 10. Bf4 Bd6 11. Qc1 Nbd7 12. Re1 Rb8 13. Nc3 b5 14. axb5 axb5
15. e4 1/2-1/2

[Event "CGC KO 2022"]
[Site "chess.com INT"]
[Date "2022.09.16"]
[Round "1.4"]
[White "Hou, Yifan"]
[Black "Radjabov, Teimour"]
[Result "0-1"]
[WhiteTitle "GM"]
[BlackTitle "GM"]
[WhiteElo "2650"]
[BlackElo "2747"]
[WhiteFideId "8602980"]
[BlackFideId "13400924"]
[EventDate "2022.09.14"]
[EventType "k.o."]

1. e4 e5 2. Nc3 Nf6 3. g3 d5 4. exd5 Nxd5 5. Bg2 Nxc3 6. bxc3 Nc6 7. Nf3 Bd6 8.
O-O O-O 9. d3 h6 10. Rb1 Rb8 11. Re1 Re8 12. h3 Be6 13. a4 Qd7 14. Kh2 b6 15. d4
exd4 16. cxd4 Bd5 17. Be3 Na5 18. Qd3 Qc6 19. Bd2 Nc4 20. Rb5 Nxd2 21. Qxd2 Bxf3
22. d5 Qc4 23. Bxf3 Qxa4 24. Rb3 Rxe1 25. Qxe1 Re8 26. Qd2 Qc4 27. Rd3 a5 28.
Rd4 Qf1 29. Rg4 Bc5 30. Bg2 Qxf2 31. Qxf2 Bxf2 32. Bf1 h5 33. Rf4 Bc5 34. Bb5
Re5 35. Bc4 Bd6 36. Kg2 a4 37. Rf3 Re4 38. Ba2 Re2+ 39. Rf2 Rxf2+ 40. Kxf2 f5
41. Kf3 g5 42. c3 Kg7 43. Bb1 a3 44. h4 g4+ 45. Kf2 Kf6 46. Ba2 Ke5 47. Kg2 Ke4 0-1

[Event "CGC KO 2022"]
[Site "chess.com INT"]
[Date "2022.09.17"]
[Round "1.4"]
[White "Ivanchuk, Vasyl"]
[Black "Robson, Ray"]
[Result "1-0"]
[WhiteTitle "GM"]
[BlackTitle "GM"]
[WhiteElo "2678"]
[BlackElo "2690"]
[WhiteFideId "14100010"]
[BlackFideId "2023970"]
[EventDate "2022.09.14"]
[EventType "k.o."]

1. e4 c5 2. Nf3 d6 3. d4 cxd4 4. Nxd4 Nf6 5. Nc3 a6 6. Be3 Ng4 7. Bc1 Nf6 8. Be3
e6 9. f3 h5 10. a4 b6 11. Bc4 Qc7 12. Qe2 Be7 13. O-O-O Nc6 14. Nxc6 Qxc6 15.
Bd4 O-O 16. Kb1 b5 17. Bb3 bxa4 18. Nxa4 Rb8 19. Qc4 Qb7 20. Nb6 Bd7 21. Rhe1
Bb5 22. Qc3 Rfd8 23. h3 h4 24. Qa5 Nh5 25. c4 e5 26. cxb5 exd4 27. Nd5 axb5 28.
Rc1 Rdc8 29. f4 Rc5 30. Qb4 Bf8 31. Qxd4 Qa7 32. Rc3 Ra8 33. Rd1 Ng3 34. Qd3 g6
35. e5 Bg7 36. Rxc5 dxc5 37. Qxb5 Nf5 38. Qc4 Nd4 39. Ba2 Rb8 40. Rd3 Qb7 41.
Qc3 Ne2 42. Qb3 Qa7 43. Ne7+ Kh7 44. Qxf7 Nxf4 45. Qxf4 Qxe7 46. Qe4 Rb4 47. Qe2
Qxe5 48. Qxe5 Bxe5 49. Rd2 Kh6 50. Re2 Bf6 51. Bd5 Bd4 52. b3 Rb6 53. Kc2 Rf6
54. Bf3 Rb6 55. Bd5 Ra6 56. Kd3 Kg5 57. Kc4 Ra1 58. Rc2 Rb1 59. Be4 Re1 60. Bf3
Rb1 61. Be4 Bg1 62. Rd2 Rc1+ 63. Rc2 Re1 64. Bf3 Kf4 65. b4 cxb4 66. Kxb4 Kg3
67. Rc4 Rb1+ 68. Ka4 Bf2 69. Rg4+ Kh2 70. Rxg6 Bg3 71. Rg4 Kg1 72. Rg6 Kf2 73.
Rg4 Ke3 74. Re4+ Kd3 75. Rb4 Ra1+ 76. Kb5 Be1 77. Rg4 Rb1+ 78. Kc6 Rc1+ 79. Kd7
Ke3 80. Re4+ Kd3 81. Rg4 Bg3 82. Ke7 Ke3 83. Re4+ Kf2 84. Rg4 Rc5 85. Ke6 Ra5
86. Kf6 Ke3 87. Re4+ Kd3 88. Rg4 Bf2 89. Kg6 Kc3 90. Kf6 Rc5 91. Kg6 Rc8 92. Kf7
Rb8 93. Ke6 Kd3 94. Kf7 Rc8 95. Ke6 Rh8 96. Kf7 Bg3 97. Ke6 Be1 98. Kf7 Bc3 99.
Ke6 Bd4 100. Kd7 Kc4 101. Ke6 Rh6+ 102. Kf5 Kc5 103. Rg6 Rh8 104. Kg4 Be5 105.
Kf5 Bg3 106. Ke6 Rh7 107. Rg5+ Kb6 108. Rg6 Kc7 109. Rg5 Bd6 110. Rg6 Re7+ 111.
Kd5 Re5+ 112. Kd4 Ra5 113. Kc4 Be5 114. Rg5 Kd6 115. Rh5 Ke7 116. Kb4 1-0

[Event "CGC KO 2022"]
[Site "chess.com INT"]
[Date "2022.09.15"]
[Round "1.4"]
[White "Ju, Wenjun"]
[Black "Giri, Anish"]
[Result "1/2-1/2"]
[WhiteTitle "GM"]
[BlackTitle "GM"]
[WhiteElo "2560"]
[BlackElo "2764"]
[WhiteFideId "8603006"]
[BlackFideId "24116068"]
[EventDate "2022.09.14"]
[EventType "k.o."]

1. d4 Nf6 2. c4 e6 3. Nf3 d5 4. Nc3 Be7 5. Bf4 O-O 6. e3 Nbd7 7. c5 c6 8. Bd3 b6
9. b4 a5 10. a3 Ba6 11. O-O Qc8 12. Ne1 Qb7 13. Rb1 axb4 14. axb4 Rfc8 15. Qc2
Bd8 16. cxb6 Nxb6 17. Bxa6 Qxa6 18. Nd3 Nc4 19. Nc5 Qa7 20. Qe2 Nd7 21. Nd3 Bc7
22. h4 Bxf4 23. Nxf4 Nf6 24. Nd3 Rcb8 25. Rfc1 Rb6 26. e4 Nxe4 27. Nxe4 dxe4 28.
Nc5 Nd6 29. Nxe4 Nxe4 30. Qxe4 Qb7 31. Rc4 h6 32. Qg4 Ra4 33. Rb3 Raxb4 34.
Rcxb4 Rxb4 35. Rg3 g6 36. Qf4 c5 37. Qxh6 Rxd4 38. f4 Qb1+ 39. Kh2 Rd1 40. Ra3
Rh1+ 41. Kg3 Qe1+ 42. Kf3 Qd1+ 43. Kg3 Qe1+ 44. Kg4 Qe2+ 45. Kg3 Qe1+ 1/2-1/2

[Event "CGC KO 2022"]
[Site "chess.com INT"]
[Date "2022.09.15"]
[Round "1.4"]
[White "Kamsky, Gata"]
[Black "Fedoseev, Vladimir3"]
[Result "1-0"]
[WhiteTitle "GM"]
[BlackTitle "GM"]
[WhiteElo "2666"]
[BlackElo "2685"]
[WhiteFideId "2000024"]
[BlackFideId "24130737"]
[EventDate "2022.09.14"]
[EventType "k.o."]

1. e4 c5 2. Nf3 d6 3. Bb5+ Bd7 4. Bxd7+ Nxd7 5. O-O Ngf6 6. Qe2 e6 7. c4 Rc8 8.
Nc3 a6 9. b3 g6 10. Bb2 e5 11. a3 Qb6 12. Rab1 Bh6 13. Bc1 Qc6 14. d3 Bxc1 15.
Rfxc1 b5 16. cxb5 axb5 17. b4 O-O 18. bxc5 Nxc5 19. Nxb5 Qa6 20. Rc4 Rb8 21.
Rcb4 Rfc8 22. g3 Kg7 23. h4 Na4 24. d4 d5 25. Nxe5 Nxe4 26. Qe3 Nac3 27. Nxc3
Rxb4 28. Rxb4 Rxc3 29. Qf4 Nf6 30. h5 h6 31. hxg6 fxg6 32. a4 Rc7 33. Ng4 Rf7
34. Qxh6+ 1-0

[Event "CGC KO 2022"]
[Site "chess.com INT"]
[Date "2022.09.16"]
[Round "1.4"]
[White "Kovalev, Vladislav"]
[Black "Mamedyarov, Shakhriyar"]
[Result "0-1"]
[WhiteTitle "GM"]
[BlackTitle "GM"]
[WhiteElo "2623"]
[BlackElo "2757"]
[WhiteFideId "13504398"]
[BlackFideId "13401319"]
[EventDate "2022.09.14"]
[EventType "k.o."]

1. e4 e5 2. Nf3 Nc6 3. d4 exd4 4. Bc4 Bc5 5. c3 Nf6 6. e5 d5 7. Be2 Ng8 8. cxd4
Bb6 9. Nc3 Nge7 10. h3 Bf5 11. O-O Be4 12. Be3 Nf5 13. Bb5 O-O 14. Bxc6 bxc6 15.
Ne1 c5 16. Nxe4 dxe4 17. d5 Nxe3 18. fxe3 Qg5 19. Nc2 Qxe5 20. Na3 Rad8 21. Nc4
Qxd5 22. Qa4 Qe6 23. Rad1 Rd3 24. b3 Rfd8 25. Rc1 h5 26. Qa6 Qe7 27. Qb7 g6 28.
a4 R3d7 29. Qc6 Rd6 30. Qb7 R6d7 31. a5 c6 32. Qxc6 Bc7 33. Qf6 Bg3 34. Qxe7
Rxe7 35. Rfd1 Red7 36. Rxd7 Rxd7 37. Kf1 Rd3 38. Rb1 f5 39. a6 g5 40. b4 Rc3 41.
Na5 cxb4 42. Ke2 Bc7 43. Nb7 b3 44. Kd2 Rd3+ 45. Ke2 Bb6 0-1

[Event "CGC KO 2022"]
[Site "chess.com INT"]
[Date "2022.09.17"]
[Round "1.4"]
[White "Lazavik, Denis"]
[Black "So, Wesley"]
[Result "1/2-1/2"]
[WhiteTitle "IM"]
[BlackTitle "GM"]
[WhiteElo "2523"]
[BlackElo "2771"]
[WhiteFideId "13515110"]
[BlackFideId "5202213"]
[EventDate "2022.09.14"]
[EventType "k.o."]

1. d4 Nf6 2. c4 e6 3. Nf3 d5 4. g3 Be7 5. Bg2 O-O 6. O-O dxc4 7. Qc2 a6 8. a4
Bd7 9. Qxc4 Bc6 10. Bg5 Nbd7 11. Nc3 h6 12. Bxf6 Nxf6 13. Rfd1 Bd5 14. Qd3 Bxf3
15. Bxf3 c6 16. Kg2 a5 17. e3 Qb6 18. h4 Rfd8 19. Qc2 Rd7 20. Rac1 Rad8 21. Ne2
Nd5 22. h5 Bb4 23. Nc3 Nf6 24. Qe2 Qc7 25. Ne4 Nxe4 26. Bxe4 Kf8 27. Qf3 Be7 28.
Bd3 Bf6 29. Bc4 Rd6 30. Qe4 Kg8 31. Bd3 Kf8 32. Qh7 Rd5 33. Be2 Ke7 34. Bf3 R5d6
35. Rc5 Qb6 36. Qc2 Kf8 37. Qc3 Ra8 38. Rb1 Rd7 39. Qc2 Kg8 40. Qe4 Qb4 41. Qc2
Be7 42. Rc4 Qd6 43. Rd1 Rad8 44. Qe4 Qd5 45. Qd3 Qg5 46. Qe2 c5 47. Qc2 b6 48.
b3 cxd4 49. Rcxd4 Rxd4 50. exd4 Bb4 51. Qc4 Qe7 52. d5 Qc5 53. Qd3 Qc3 54. Qb5
exd5 55. Bxd5 Qc7 56. Rd3 Bc5 57. Qc4 Rd7 58. Qe4 Qd8 59. Qf5 Kf8 60. Bxf7 Rxd3
61. Bc4+ Qf6 62. Qxd3 Qxf2+ 63. Kh3 Qd4 64. Qf5+ Ke7 65. Qe6+ Kd8 66. Bb5 Kc7
67. Qf7+ Kc8 68. Bc6 Kd8 69. Qe8+ Kc7 70. Bb5 Qd1 71. Qc6+ Kd8 72. Qe8+ Kc7 73.
Qf7+ Kd8 74. Bc6 Qd6 75. Qg8+ Kc7 76. Bb5 Qd4 77. Qf7+ Kd8 78. Qf5 Kc7 79. Qg6
Kd8 80. Qf7 Kc8 81. Bc4 Kd8 82. Be6 Be7 83. Bf5 Qf6 84. Qg8+ Kc7 85. Qc4+ Bc5
86. Qd5 Qd6 87. Qe4 Qe7 88. Qf4+ Qd6 89. Qf3 Qe7 90. Be4 Kb8 91. Qf5 Kc7 92. Qg4
Qd7 93. Bf5 Qd4 94. Qg6 Qf6 95. Qg4 Qg5 96. Qf3 Qf6 97. Qd5 Qd6 98. Qa8 Qe7 99.
Qc8+ Kd6 100. Bg4 Ke5 101. Qa6 Kd6 102. Qc8 Ke5 103. Qc6 Qf6 104. Qg2 Kd6 105.
Qe4 Qe5 106. Qd3+ Qd4 107. Qf3 Qf6 108. Bf5 Ke5 109. Qe4+ Kd6 110. Bg4 Qe5 111.
Qb7 Qf6 112. Qg2 Kc7 1/2-1/2

[Event "CGC KO 2022"]
[Site "chess.com INT"]
[Date "2022.09.14"]
[Round "1.4"]
[White "Le, Tuan Minh"]
[Black "Ding, Liren"]
[Result "0-1"]
[WhiteTitle "IM"]
[BlackTitle "GM"]
[WhiteElo "2542"]
[BlackElo "2808"]
[WhiteFideId "12401153"]
[BlackFideId "8603677"]
[EventDate "2022.09.14"]
[EventType "k.o."]

1. d4 Nf6 2. Nf3 d5 3. c4 e6 4. Nc3 Bb4 5. Qa4+ Nc6 6. a3 Bxc3+ 7. bxc3 Bd7 8.
cxd5 exd5 9. Bf4 O-O 10. e3 Ne5 11. Qc2 Nxf3+ 12. gxf3 Nh5 13. Bg3 Rc8 14. Bd3
g6 15. Qb3 Qf6 16. Be2 Bc6 17. O-O Ng7 18. Be5 Qe6 19. Bxg7 Kxg7 20. a4 a5 21.
Bb5 Rfd8 22. Kg2 Bxb5 23. Qxb5 b6 24. Rfc1 c5 25. Rab1 Rd6 26. Qd3 Rdc6 27. Rb5
Qf6 28. Rcb1 Qg5+ 29. Kf1 Qh5 30. dxc5 bxc5 31. Kg2 Rf6 32. Qd1 Qg5+ 33. Kh1 Qh4
34. R5b2 Rf5 35. f4 Rh5 36. Qg1 d4 37. Qg3 Qf6 38. cxd4 cxd4 39. exd4 Qxd4 40.
Qe3 Qxa4 41. Rb8 Rxb8 42. Rxb8 Rd5 43. Kg2 Qc6 44. Rb6 Rg5+ 45. Kf1 Qc4+ 46. Ke1
Rg1+ 47. Kd2 Qc1+ 48. Kd3 Rd1+ 0-1

[Event "CGC KO 2022"]
[Site "chess.com INT"]
[Date "2022.09.17"]
[Round "1.4"]
[White "Leko, Peter"]
[Black "Wang, Hao"]
[Result "1/2-1/2"]
[WhiteTitle "GM"]
[BlackTitle "GM"]
[WhiteElo "2663"]
[BlackElo "2722"]
[WhiteFideId "703303"]
[BlackFideId "8602883"]
[EventDate "2022.09.14"]
[EventType "k.o."]

1. Nf3 d5 2. g3 Nf6 3. Bg2 e6 4. O-O Be7 5. d3 O-O 6. Nbd2 a5 7. e4 a4 8. e5
Nfd7 9. a3 c5 10. Re1 Nc6 11. Nf1 b5 12. h4 b4 13. N1h2 bxa3 14. bxa3 Ba6 15.
Bf4 Rb8 16. h5 h6 17. Ng4 Nd4 18. Nxd4 cxd4 19. Nh2 Qc7 20. Ra2 Rb6 21. Bxd5
exd5 22. e6 Bd6 23. Bxd6 Qxd6 24. exd7 Qxd7 25. Qa1 Qf5 26. Qxd4 Re6 27. Raa1
Qxh5 28. Rxe6 fxe6 29. Re1 Qf7 30. Ng4 Bb5 31. Ne5 Qf6 32. Rb1 Be8 33. Qe3 Qe7
34. Rb4 Kh7 35. c4 dxc4 36. dxc4 Qd6 37. c5 Qd1+ 38. Kg2 Kg8 39. Rd4 Qc2 40. Rd6
Bb5 41. Nf3 Bc4 42. Rd2 Qb1 43. Ne1 Bd5+ 44. f3 Qc1 45. Kf2 Kh8 46. Re2 Qc4 47.
Rc2 Qb3 48. c6 Rxf3+ 49. Nxf3 Qxc2+ 50. Nd2 Qxc6 51. Qd4 Qc2 1/2-1/2

[Event "CGC KO 2022"]
[Site "chess.com INT"]
[Date "2022.09.14"]
[Round "1.4"]
[White "Mamedov, Rauf"]
[Black "Nihal, Sarin"]
[Result "1-0"]
[WhiteTitle "GM"]
[BlackTitle "GM"]
[WhiteElo "2646"]
[BlackElo "2677"]
[WhiteFideId "13401653"]
[BlackFideId "25092340"]
[EventDate "2022.09.14"]
[EventType "k.o."]

1. e4 e5 2. Nf3 Nc6 3. Bb5 a6 4. Ba4 Nf6 5. Nc3 Bc5 6. d3 d6 7. a3 h6 8. Be3
Bxe3 9. fxe3 O-O 10. O-O Ne7 11. Nh4 Ng6 12. Nf5 c6 13. Bb3 Be6 14. Qf3 Kh7 15.
Ne2 Bxb3 16. cxb3 Ne8 17. Qh3 Qg5 18. Rf3 Nf6 19. Raf1 Qh5 20. Qxh5 Nxh5 21.
Nxd6 Rad8 22. Nxb7 Rxd3 23. Nc3 Nf6 24. Nc5 Rd2 25. R3f2 Rxf2 26. Kxf2 a5 27.
Rd1 Rb8 28. Ke2 Nf8 29. Rd6 Ne6 30. N3a4 Ng5 31. Rxc6 Ngxe4 32. Nxe4 Nxe4 33.
Nb6 f5 34. b4 axb4 35. axb4 Rb7 36. h3 Rb8 37. b5 Rd8 38. Nc4 Rd5 39. b6 Rb5 40.
Kd3 Nf2+ 41. Kc2 f4 42. exf4 exf4 43. Rc7 Ne4 44. b7 Rb4 45. b3 Rb5 46. Kb2 h5
47. Ka3 h4 48. b4 f3 49. gxf3 Nc3 50. Nd6 1-0

[Event "CGC KO 2022"]
[Site "chess.com INT"]
[Date "2022.09.14"]
[Round "1.4"]
[White "Martinez Alcantara, Jose Eduardo"]
[Black "Alekseenko, Kirill"]
[Result "0-1"]
[WhiteTitle "GM"]
[BlackTitle "GM"]
[WhiteElo "2591"]
[BlackElo "2707"]
[WhiteFideId "3805662"]
[BlackFideId "4135539"]
[EventDate "2022.09.14"]
[EventType "k.o."]

1. e4 c5 2. Nf3 Nc6 3. d4 cxd4 4. Nxd4 Qb6 5. Nb3 Nf6 6. Bd3 e6 7. O-O Be7 8. c4
O-O 9. Nc3 d6 10. Be3 Qc7 11. f4 b6 12. Rc1 Bb7 13. a3 Rac8 14. Qe2 Qb8 15. Nd2
Rfe8 16. Rce1 Bf8 17. Nf3 g6 18. h3 Bg7 19. Bd2 Rcd8 20. b4 Nh5 21. Qf2 Nxf4 22.
Bxf4 Bxc3 23. Bg5 Rd7 24. Qh4 Bg7 25. Bc2 a5 26. Ba4 axb4 27. axb4 Rf8 28. Bf6
Bxf6 29. Qxf6 Qd8 30. Qc3 Rc7 31. Bxc6 Bxc6 32. Qe3 Ba8 33. Nd2 Qb8 34. Rf6 b5
35. c5 dxc5 36. bxc5 Qa7 37. Nb3 Qa4 38. Rf3 e5 39. Rf6 Re8 40. Qf3 Bc6 41. h4
h5 42. Rd6 Bd7 43. Nc1 Bg4 44. Qe3 b4 45. Nd3 b3 46. Rb1 Qa2 47. Rb2 Qa1+ 48.
Kh2 Qa4 49. Rb6 Bd1 50. Nb4 Qa3 51. Rd2 Bg4 52. Nd5 Qxc5 53. Nf6+ Kf8 54. Qh6+
Ke7 55. Nd5+ Kd8 56. Rb8+ Bc8 57. Nf6+ Ke7 58. Nxe8 Kxe8 59. Qh8+ Ke7 60. Qd8+
Ke6 61. Rxc8 Rxc8 62. Qg5 Qe7 63. Qg3 Qf6 64. Qh3+ Ke7 0-1

[Event "CGC KO 2022"]
[Site "chess.com INT"]
[Date "2022.09.15"]
[Round "1.4"]
[White "Ponkratov, Pavel"]
[Black "Anand, Viswanathan"]
[Result "0-1"]
[WhiteTitle "GM"]
[BlackTitle "GM"]
[WhiteElo "2593"]
[BlackElo "2756"]
[WhiteFideId "4157800"]
[BlackFideId "5000017"]
[EventDate "2022.09.14"]
[EventType "k.o."]

1. e4 c5 2. Nf3 a6 3. c4 d6 4. d4 cxd4 5. Nxd4 Nf6 6. Nc3 e6 7. Be3 Be7 8. f3 b6
9. Rc1 O-O 10. Qd2 Bb7 11. g4 Nc6 12. Kd1 Nd7 13. Nxc6 Bxc6 14. Kc2 b5 15. Kb1
Ne5 16. f4 Nxg4 17. Rg1 Nxe3 18. Qxe3 Qa5 19. Qd4 g6 20. f5 b4 21. fxg6 hxg6 22.
Nd5 exd5 23. exd5 Bd7 24. Bd3 b3 25. Rce1 Bg5 26. axb3 Qd2 27. Re2 Qf4 28. Qc3
Bf6 29. Qc2 Rae8 30. Rf2 Qd4 31. Bxg6 fxg6 32. Qxg6+ Bg7 33. Rd2 Bf5+ 0-1

[Event "CGC KO 2022"]
[Site "chess.com INT"]
[Date "2022.09.15"]
[Round "1.5"]
[White "Adams, Michael"]
[Black "Navara, David"]
[Result "0-1"]
[WhiteTitle "GM"]
[BlackTitle "GM"]
[WhiteElo "2689"]
[BlackElo "2681"]
[WhiteFideId "400041"]
[BlackFideId "309095"]
[EventDate "2022.09.14"]
[EventType "k.o."]

1. e4 e5 2. Nf3 Nc6 3. Bb5 Nf6 4. d3 Bc5 5. Bxc6 dxc6 6. Nbd2 Nd7 7. O-O O-O 8.
Nc4 f6 9. c3 Nb6 10. Na5 Rf7 11. b4 Bd6 12. Be3 Rb8 13. Qb3 Qe7 14. a3 Bg4 15.
Qd1 f5 16. exf5 e4 17. dxe4 Qxe4 18. Re1 Qxf5 19. c4 Qh5 20. h3 Bxf3 0-1

[Event "CGC KO 2022"]
[Site "chess.com INT"]
[Date "2022.09.17"]
[Round "1.5"]
[White "Bok, Benjamin"]
[Black "Grischuk, Alexander"]
[Result "1-0"]
[WhiteTitle "GM"]
[BlackTitle "GM"]
[WhiteElo "2618"]
[BlackElo "2745"]
[WhiteFideId "1017063"]
[BlackFideId "4126025"]
[EventDate "2022.09.14"]
[EventType "k.o."]

1. c4 e5 2. g3 d6 3. Nc3 f5 4. Bg2 Nf6 5. d3 Be7 6. Nf3 a5 7. O-O O-O 8. Rb1 h6
9. a3 Qe8 10. b4 axb4 11. axb4 Be6 12. e3 Nbd7 13. Bb2 c6 14. b5 Qf7 15. Qc2
Rac8 16. Rfc1 d5 17. bxc6 bxc6 18. Ne2 Bd6 19. cxd5 Nxd5 20. Ba1 c5 21. Qd1 Nb4
22. Nc3 Rb8 23. Qe2 c4 24. d4 e4 25. Nd2 Nd3 26. Rf1 Rxb1 27. Rxb1 Nf6 28. f3
exf3 29. Bxf3 Nd5 30. Nb5 Bb8 31. Nxc4 N5f4 32. exf4 Bxc4 33. Na3 Ba6 34. Rb6
Re8 35. Bd5 Rxe2 36. Rxb8+ Kh7 37. Bxf7 Re1+ 38. Kg2 Rxa1 39. Bg8+ Kh8 40. Nc2
Ra5 41. Bf7+ Kh7 42. Rb6 g5 43. Rxa6 Rxa6 44. Bc4 Nxf4+ 45. gxf4 Rb6 46. fxg5
hxg5 47. Bd3 Kg6 48. Ne3 Rb2+ 49. Kg3 Kf6 50. Bxf5 Rd2 51. d5 Rd4 52. Be6 Ke5
53. Ng4+ Kd6 54. Nf2 Ke5 55. h3 Ra4 56. Ng4+ Kd6 57. Nh2 Ke5 58. Nf3+ Kf6 59.
Bg4 Ra6 60. Kf2 Rd6 61. Be6 Ra6 62. Ke3 Ra3+ 63. Ke4 Ra1 64. Bg4 Ra4+ 65. Nd4
Ra6 66. Nc6 1-0

[Event "CGC KO 2022"]
[Site "chess.com INT"]
[Date "2022.09.14"]
[Round "1.5"]
[White "Mamedov, Rauf"]
[Black "Nihal, Sarin"]
[Result "0-1"]
[WhiteTitle "GM"]
[BlackTitle "GM"]
[WhiteElo "2646"]
[BlackElo "2677"]
[WhiteFideId "13401653"]
[BlackFideId "25092340"]
[EventDate "2022.09.14"]
[EventType "k.o."]

1. e4 e5 2. Nf3 Nc6 3. Bb5 a6 4. Ba4 Nf6 5. Qe2 b5 6. Bb3 Bc5 7. c3 d6 8. d3 h6
9. Nbd2 Be6 10. h3 Bb6 11. Nf1 Ne7 12. g4 Ng6 13. Ng3 Qd7 14. Nf5 Rg8 15. Be3
Ne7 16. Bxb6 cxb6 17. Qe3 Qc7 18. d4 Bxb3 19. axb3 Nxf5 20. exf5 e4 21. Nd2 d5
22. O-O Kf8 23. c4 bxc4 24. bxc4 dxc4 25. Nxe4 Nxe4 26. Qxe4 Re8 27. Qf3 a5 28.
Rfe1 Rd8 29. Re4 g5 30. Rae1 Qd6 31. Qc3 Kg7 32. Qxc4 Rc8 33. Qb5 Rgd8 34. R1e3
Qf6 35. Qe5 Rc4 36. Qxf6+ Kxf6 37. Re7 Rcxd4 38. Rb7 Rb4 39. Ree7 Rf8 40. Re2 h5
41. f3 hxg4 42. hxg4 Rd8 43. Kg2 Rb3 44. Ree7 Rxb2+ 45. Kg3 Rf8 46. Rec7 a4 47.
Ra7 Rb4 48. Rd7 b5 49. Rd5 Rb2 50. Ra6+ Kg7 51. Rd7 Kg8 52. Rb7 Rc8 53. Rh6 Rc1
54. Rh2 Rg1+ 55. Kh3 Rxh2+ 56. Kxh2 Rb1 57. f4 gxf4 58. g5 a3 59. Ra7 b4 60. Kh3
Rg1 61. g6 fxg6 62. f6 f3 63. Ra8+ Kf7 64. Ra7+ Kxf6 65. Ra6+ Kf5 66. Ra5+ Kf4
67. Ra4 f2 68. Rxb4+ Ke5 69. Rb5+ Kd4 70. Rb4+ Kc5 71. Rb3 f1=Q+ 72. Kh4 Qf2+
73. Kh3 Qg2+ 74. Kh4 Qh2+ 75. Rh3 Qf4# 0-1